Every Meshuggah songs by Albums(1991-2005) - Statistics

General Stats
  • This quiz has been taken 46 times
  • The average score is 20 of 54
Answer Stats
Answer % Correct
Future Breed Machine
86%
Rational Gaze
82%
Stengah
64%
Straws Pulled at Random
64%
Glints Collide
57%
Corridor Of Chameleons
54%
New Millennium Cyanide Christ
54%
Perpetual Black Second
54%
Soul Burn
54%
In Death - Is Death
50%
In Death - Is Life
50%
Nebulous
50%
Obsidian
50%
Aztec Two-Step
46%
Humiliative
46%
Spasm
46%
Autonomy Lost
43%
Ritual
43%
The Mouth Licking What You've Bled
43%
Concatenation
39%
Elastic
39%
Organic Shadows
39%
Sum
39%
Closed Eyes Visual
36%
Neurotica
36%
Sane
36%
Shed
36%
Suffer In Truth
36%
Gods of Rapture
32%
Terminal Illusions
32%
The Exquisite Machinery of Torture
32%
Transfixion
32%
Abnegating Cecity
29%
Beneath
29%
Greed
29%
Paralyzing Ignorance
29%
Vanished
29%
Choirs Of Devastation
25%
Dehumanization
25%
Inside Whats Within Behind
25%
Qualms Of Reality
25%
Sickening
25%
Acrid Placidity
21%
Erroneous Manipulation
21%
Mind's Mirrors
21%
Sublevels
21%
Entrapment
18%
Imprint Of The Un-Saved
18%
The Paradoxical Spiral
18%
We’ll Never See The Day
18%
Disenchantment
14%
Re-Inanimate
14%
Internal Evidence
11%
Personate Non Gratae
11%
No matching quizzes found
Score Distribution
Percent of People with Each Score
Percentile by Number Answered
Your Score History
You have not taken this quiz